000 00772cam a2200241 a 4500
001 000017965
005 20200929165310.0
008 900906s1996 ht 000 f fre d
020 _a2070250172
040 _aDO-SdBNP
_bfre
_cLC
_dBNPHU
082 _a843.914
_bA384e
100 1 _aAlexis, Jacques Stephen,
_d1922-1961.
_927794
245 1 2 _aL'espace d'un cillement /
_cJacques Stephen Alexis ; prólogo Florence Alexis.
260 _a[Port-au-Prince] :
_bGallimard,
_c1996,
_c1959.
300 _a346 p. ;
_c19 cm.
490 1 _aL'imaginaire,
_v114
650 4 _aNovela haitiana
_93196
650 4 _aLiteratura haitiana
_93197
700 1 _aAlexis, Florence,
_epról.
_938950
830 0 _aL'imaginaire,
_v114
_938951
910 _aCatalogación derivada
049 _aBNGR
999 _c17489
_d17489